00285 a2200133 4500260001300000100002400013260000800037300001000045245004700055260000900102130000800111020001800119440001400137 aWeinheim aEISENBRAND, Gerhard bVCH a231p. aFood allergies and intolerances: symposium c1996 len. a3-527-27409-X x0070-3982